Statistics for U.S. States with W in their name

Click here to take the quiz!

General Stats

  • This quiz has been taken 41 times
  • The average score is 10 of 11

Answer Stats

# of W'sAnswer% Correct
1Washington
97%
1New Jersey
95%
1New Mexico
95%
1New York
95%
1West Virginia
92%
1Wisconsin
92%
1Wyoming
92%
1New Hampshire
87%
1Hawaii
82%
1Iowa
82%
1Delaware
64%

Score Distribution

Percentile by Number Answered

Percent of People with Each Score

Your Score History

You have not taken this quiz